| 000 | 00653nam a2200193 4500 | ||
|---|---|---|---|
| 001 | 148687 | ||
| 003 | ES-MaACL | ||
| 005 | 20230906202749.0 | ||
| 007 | t| | ||
| 008 | 070214s1956 sp r ||||1| spa d | ||
| 100 | 1 |
_aStutz, Ernst. _9108524 |
|
| 245 | 1 | 3 |
_aLa broncografía / _cDr. Ernst Stutz y Dr. Heinz Vieten ; traducción directa del alemán por el Dr. J. Bartolomé Iraeta. |
| 250 | _a[1ª ed. española]. | ||
| 260 |
_aMadrid : _bAlhambra, _c[1956] ( _fGrijelmo) |
||
| 300 |
_aVIII, 246 p., 7 lám. : _bil. ; _c29 cm. |
||
| 700 | 1 |
_aVieten, Heinz. _9114599 |
|
| 700 | 1 |
_aIraeta, J. Bartolomé. _965403 |
|
| 852 |
_aES-MaACL _jC-11699 _bR.39585 |
||
| 999 |
_c148687 _d148687 |
||